New century local government: Commonwealth perspectives (Record no. 52098)

MARC details
000 -LEADER
fixed length control field 00736nam a2200193 a 4500
008 - FIXED-LENGTH DATA ELEMENTS--GENERAL INFORMATION
fixed length control field 210520s2013 ||||||||||||||||| || u
020 ## - INTERNATIONAL STANDARD BOOK NUMBER
International Standard Book Number 9781849290937
050 ## - LIBRARY OF CONGRESS CALL NUMBER
Classification number JS 113 New
100 ## - MAIN ENTRY--PERSONAL NAME
Personal name McKinlay, Peter
245 10 - TITLE STATEMENT
Title New century local government: Commonwealth perspectives
Statement of responsibility, etc. Edited by Graham Sansom; Peter McKinlay
260 ## - PUBLICATION, DISTRIBUTION, ETC.
Place of publication, distribution, etc. London
Name of publisher, distributor, etc. Commonwealth Secretariat
Date of publication, distribution, etc. 2013
300 ## - PHYSICAL DESCRIPTION
Extent x, 239 pages: illustrations
350 ## - PRICE (NR) (BK AM CF MU VM SE) [OBSOLETE]
Price 90.06
650 ## - SUBJECT ADDED ENTRY--TOPICAL TERM
Topical term or geographic name entry element GOVERNMENT
650 ## - SUBJECT ADDED ENTRY--TOPICAL TERM
Topical term or geographic name entry element LOCAL GOVERNMENT
650 ## - SUBJECT ADDED ENTRY--TOPICAL TERM
Topical term or geographic name entry element DECENTRALIZATION IN GOVERNMENT
700 ## - ADDED ENTRY--PERSONAL NAME
Personal name Sansom, Graham
995 ## - RECOMMENDATION 995 [LOCAL, UNIMARC FRANCE]
-- CBU-MAIN LIBRARY (Kitwe)
-- 90.06
-- 1
-- AVAILABLE
-- May 21, 2021
-- Main Library Open Access Collection
Holdings
Withdrawn status Lost status Source of classification or shelving scheme Damaged status Not for loan Home library Current library Shelving location Date acquired Total Checkouts Full call number Barcode Date last seen Price effective from Koha item type
          CBU-MAIN LIBRARY, KITWE. CBU-MAIN LIBRARY, KITWE.   11/30/2022   JS 113 New 751096 11/30/2022 11/30/2022 MONOGRAPH